Psalmy na trudne chwile / (Rekord nr 237848)

Szczegóły MARC
000 -LEADER
fixed length control field 01066nas a2200301 4500
001 - CONTROL NUMBER
control field aBSDPrz AB01
008 - FIXED-LENGTH DATA ELEMENTS--GENERAL INFORMATION
fixed length control field a++++++bsc1997d++++epl+f!!!!g!h+i!!!!j!l!n!o!p+q!r!spolt!u!
015 ## - NATIONAL BIBLIOGRAPHY NUMBER
National bibliography number PB 2746/98
020 ## - INTERNATIONAL STANDARD BOOK NUMBER
International Standard Book Number 837119157X
041 1# - LANGUAGE CODE
Language code of text/sound track or separate title pol
Language code of original and/or intermediate translations of text eng
080 ## - UNIVERSAL DECIMAL CLASSIFICATION NUMBER
Universal Decimal Classification number 222/224.06/.08:248]::283/289
100 1# - MAIN ENTRY--PERSONAL NAME
Personal name Morse, Merrill
Dates associated with a name (1948- )
245 10 - TITLE STATEMENT
Title Psalmy na trudne chwile /
Statement of responsibility, etc Merrill Morse ; przeł. [z ang.] Mirosława Majdan.
246 ## - VARYING FORM OF TITLE
Title proper/short title Psalmy na trudne chwile
260 ## - PUBLICATION, DISTRIBUTION, ETC. (IMPRINT)
Place of publication, distribution, etc Warszawa :
Name of publisher, distributor, etc Wydaw. Księży Marianów,
Date of publication, distribution, etc 1997.
300 ## - PHYSICAL DESCRIPTION
Extent 189, [1] s. ;
Dimensions 20 cm.
490 1# - SERIES STATEMENT
Series statement Medytacje / Wydaw. Księży Marianów
500 ## - GENERAL NOTE
General note Tyt. oryg. : Psalms for troubled times. - W innych poz. nazwa tł. : Mira Majdan.
650 #9 - SUBJECT ADDED ENTRY--TOPICAL TERM
Topical term or geographic name as entry element Biblistyka
General subdivision Stary Testament
-- Księga Psalmów
-- protestantyzm
Topical term or geographic name as entry element Rozmyślania religijne
General subdivision protestantyzm
692 ## -
-- biblistyka
-- Psalmy
-- rozmyślania
700 1# - ADDED ENTRY--PERSONAL NAME
Personal name Majdan, Mirosława.
Relator term
830 #0 - SERIES ADDED ENTRY--UNIFORM TITLE
Uniform title Medytacje (Wydaw. Księży Marianów)
920 ## -
-- 83-7119-157-X
942 ## - ADDED ENTRY ELEMENTS (KOHA)
Item type Książka
Koha issues (borrowed), all copies 1
Egzemplarze
Ostatnio widziany Numer inwentarzowy Razem wypożyczeń Full call number Kod kreskowy Date last borrowed Numer kopii Price effective from Koha item type Lost status Damaged status Not for loan Wycofany Home library Current library Shelving location Date acquired
23/03/2017 60 524 1 60 524 60 524 23/01/2017 1 27/03/2014 Książka         Biblioteka Wyższego Seminarium Duchownego w Przemyślu Biblioteka Wyższego Seminarium Duchownego w Przemyślu Magazyn Główny 27/03/2014